{"text_format":"3","workbook":"xls","n_sheets":3,"sheets":["Sheet1","Sheet2","Sheet3"],"not_rendered":{"images":62},"read":"whole","date_system":"1900","formulas":"cached_only"}

{"sheet":"Sheet1","index":0,"n_rows":82,"n_cols":9,"rows_kept":82,"merged":[[0,0,0,7],[1,0,1,7],[26,0,26,7],[52,0,52,7],[71,0,71,7],[81,0,81,7]],"flags":["formulas_cached_only"]}
["新媒体直播运营实训室建设清单"]
["新媒体直播实训室（2间直播间）"]
["序号","设备名称","参数","品牌","单位","数量","单价","总价","产品图片"]
[1,"直播实训终端","CPU频率 2.9GHz　内存容量16GB内存类型 DDR4 2933MHz 　1T机械硬盘　固态硬盘容量256GB  1000Mbps以太网卡 2×USB2.0，2×USB3.0，耳机输出接口，麦克风输入接口 1×VGA，1×HDMI 1×RJ45（网络接口） 1×电源接口，预装操作系统与办公软件　21寸显示器  键鼠 x1 鼠标垫 x1 电源线 x1","清华同方","套",2,6200,12400]
[2,"高清摄像头","云台高清USB摄像头3840*2880 4k分辨率1200万像素120度广角　USB接口　遥控9倍变焦　内置麦克风　内置3档美颜补光　多功能安装底座，可左右上下转动","杰锐","套",2,2800,5600]
[3,"声卡麦克风套装","声卡类型 外置型 声卡2.1声道 信噪比 -90dB,A-加权 频率响应:20Hz-20kHz(±0.2dB)  支持10种音效，麦克风有线 电容式 单指向 频响范围20Hz-20kHz 灵敏度-34dB±2dB 信噪比78dB 立体声 产品声压132dB","杰锐+E300","套",2,3500,7000]
[4,"直播手机","4800万像素以上 运行内存12GB机身内存256GB，4000mA以上电池","荣耀","部",2,3300,6600]
[5,"一托二无线话筒","传输距离50米","群卓","套",2,3000,6000]
[6,"音箱","电脑音箱，2.1声道，有源：220V/50Hz，","蓝乐","对",2,600,1200]
[7,"监听耳麦","有线头戴式，兼容手机PC,20Hz-20KHz, 标称阻抗24Ω，灵敏度101DB，3.5mm插头，线长1.5米。","杰锐","副",2,300,600]
[8,"手持云台","可折叠、磁吸快拆、内置了锂电池，容量为1300Ah，工作时间可以达到10小时，适配手机重量为 230±60g，厚度为 6.9-10mm。","浩瀚M5 ","台",2,1300,2600]
[9,"线材配件","USB,网线，音频线，电源线插板","群卓","套",2,1000,2000]
[10,"LED 补光灯套餐","18寸可调光变光，带遥控，220V电 ","杰锐","套",2,900,1800]
[11,"LED 桌面平板灯","嵌入式柔光灯电压： Ac220V 50/60Hz  功率：220W 色温：3200K 平板灯+灯架","杰锐","套",4,2600,10400]
[12,"直播桌椅","1.6米直播桌，2把椅子面料材质：网布 人体工学椅","群卓","套",2,2800,5600]
[13,"直播提词器设备","兼容手机、12寸平板，提词器支持广角大屏。提词器软件支持手机，电脑。","杰锐","套",2,5900,11800]
[14,"产品展示柜","根据房间定做产品展示柜，展示柜的风格与颜色需要与装修，文化墙相匹配。每一个直播任务配套的商品10件。","群卓","套",2,18800,37600]
[15,"背景扣图绿幕","手动轴背景布","杰锐","项",2,1800,3600]
[16,"直播一体机","1、尺寸：≥43寸；\n2、运存：≥4GB+64GB ROM；\n3、操作系统：≥ Android 9.0；\n4、处理器：≥八核64位处理器，内置GPU；\n5、功能：直播贴片、多路导播、画中画、logo、水印、绿幕抠像、音频调节、机位切换、画质调节、提词器；\n6、含一体机支架。","商显T 42","台",2,5600,11200]
[17,"直播间装修与布线","1、轻钢龙骨隔墙：工艺：先做空腔，固定龙骨，填充50mm的隔音棉，然后固定石膏板；材料：轻钢龙骨采用表面热镀锌的优质冷轧钢制作； A级不燃材料，环保健康，无毒无害。\n2、工艺：固定吸音板支架（可采用木龙架或轻钢龙骨）；支架内填充玻璃纤维吸音棉；依据墙面造型，依次安装木质吸音板。吸音棉，采用玻璃纤维材质；\n3、铝格栅吊顶：哑光黑色金属栅格，间距规格≤150×150mm；\n4、直播间墙面处理：吊打，墙面白乳胶漆处理，简约大方，所用材料环保；。\n5、静电地胶：自流平找平，铺设地胶，所选产品环保无刺激；\n6、窗户平开隔音板：吸音板制作门扇；门扇内填充玻璃纤维吸音棉；依据墙面造型，依次安装木质吸音板。优质孔木吸音板，具有木质高的防火等级B1；吸音棉，采用玻璃纤维材质；\n7、直播室背景墙孔型吸音板：固定吸音板支架（可采用木龙架或轻钢龙骨）；支架内填充玻璃纤维吸音棉；依据墙面造型，依次安装木质吸音板。\n8、不锈钢踢脚线：成品；\n9、隔音门：规格1000mm×2100mm；门框采用进口或国产优质冷轧钢板，电镀锌钢或不锈钢制造；门扇填充采用硅酸铝纤维棉。\n10、隔音板装饰：固定吸音板支架（可采用木龙架或轻钢龙骨）；支架内填充玻璃纤维吸音棉；依据墙面造型，依次安装木质吸音板。\n11、文化墙：亚克力LOGO牌\"1、材质：亚克力；2、尺寸≥65*90cm\"，实训室文化墙尺寸：≥200*300cm，厚度5cm *2套\n12、综合布线：射灯\"1、定制：15cm*15cm(按实际情况定制)2、功率：12W；\"LED平板灯 定制尺寸：800mm*90mm按实际情况定制，公共区域电路改造工程+网络布线所需的电线、网线、水晶头、开关、插排等硬件（含人工安装），软灯条 \"1、直径：10mm---16mm；2、长度：25m；\"","群卓","套",2,79000,158000]
[18,"空调","大1匹窗机 变频省电冷暖","海尔","台",2,2600,5200]
[19,"电商直播实训软件","电商直播实训平台软件：学生与老师可以进行直播、拍摄上传短视频、开通直播小店等实训，软件后台由老师管理员进行管理，学生开通直播小店交保证金、消费等不用充值，后台可以直接控制用户在本平台的余额，可以通过实训平台直播复盘找出学生直播时的各种不良用语，方便改进，避免在真实直播过程中被封号、处罚等。\n1.电商直播实训平台：系统采用B/S架构设计，不需要安装客户端，通过浏览器访问，可支持基于校园网的应用。\n2.系统支持学生、教师、管理员使用不同的身份登录软件，不同的身份具有不同的操作权限。提供系统管理功能，不限制用户数量，教师账号保留与使用权限分开管理，允许多教师同时使用。\n3.学生实训功能：支持学生以PC端直播和手机APP直播，有从模拟注册平台账户到完善资料认证、短视频上传、直播、开通小店上传产品、短视频推广分享、短视频评论、短视频点赞、产品销售、观看直播、产品购买、物流发货、订单管理、退货管理等，共计30个以上的实训任务；。\n4.教师管理功能：系统具有良好的数据分析功能，能通过监测学生的实训数据，以表格的形式直观的反应出学生的成绩。支持个人信息管理、学生用户管理、对学生实训结果评分和写评语评价、实训结果分析等功能。\n学生端\n1.直播功能：上传直播封面。添加直播标题。开启购物车,开通店铺；主播还可添加展示商城商品与平台自营的商品，用户在此入口购买后，主播可获得相应佣金。分享直播。摄像头切换。开闪光灯。美颜功能。管理主播用户，设置管理员等。\n2.直播观看：可以查看主播的信息，包括主播的头像、地址以及昵称。查看该直播房间目前的观看者信息。关注主播,主播开播时可以收到推送。用户和主播可以在直播房间进行互动聊天。直播购物。可展示主播选择展示的商品。\n3.短视频功能：录制视频支持翻转镜头、开启关闭闪光灯、拍摄速度、美颜、添加背景音乐、选择本地视频。发布视频可进行分享、选填标题，系统会自动进行定位；短视频添加分类功能，分类后台设置，可选择是否关联商品。水印功能。查看同款商品，购买商品。观看视频支持评论、点赞、评论、分享、复制链接、举报、下载到本地以及对用户进行关注； \n4.买家功能：观看直播购买商品，收藏商品，查看已买到的商品，商品浏览记录、地址管理、账户余额管理、退款记录、提现记录、全部订单查询、待付款订单查询、待发货订单查询、待收货订单查询、待评价订单查询、退款查询。添加好友，给好友发送短消息； \n5.卖家功能：申请直播开店：小店信息 账户信息　综合评分 账户金额　累计收入　商品总数　商品总销量　订单管理 待发货 等待退款 待支付 全部退款 已发货 已签收 已完成 已关闭 全部订单 添加商品 商品管理 地址管理 消息 经营类目。\n6.订单管理：查看我的评价、查看店铺信用评分\n7.直播小店管理：在手机端APP个人中心进入直播小店管理，买家与卖家管理页面可一键切换 \n8.商品管理：可添加平台商品，站内商品、站外商品（淘宝、京东）、上下架商品。\n9.分类管理：新增分类，批量导入、导出分类，批量编辑、删除分类\n教师端\n1.后台可体现学生任务完成的进度、个人成绩、待完成的任务、各位同学的实训任务进度等信息。\n2.系统支持由老师从系统商品库中自行选择商品进行组合，让学生训练，同时也支持老师自行出题，用于学生实训。\n3.关键词屏蔽功能:通过设置特定关键词（广告禁用词语、违反词语等）让学生在实训过程中了解直播规则。如果含有指定关键词，则提示输入非法，请重新输入。\n4.后台管理功能：教师可以在后台设置审核学生注册信息，产品信息，短视频等。给学生进行账户虚拟充值，让学生在实训时有足够的资金可以扮演买家或卖家。","群卓ESOVO V2.3","套",1,176000,176000]
[20,"机柜","22U专用服务器机柜；采用优质冷扎钢板制作，整体框架结构设计；机柜深度1000 mm，立柱厚度不低于2.0 mm，其余部分钢板厚度不低于1.2 mm；静载500KG以上。","爽欣","台",1,3000,3000]
[21,"实训教学管理主机","处理器：8核心  2.1GHZ处理器+单电及以上 内存：32GB以上 硬盘： 2*1TB  7. 2K  RPM  SATA扩展性：不少于4块 3.5英寸热插拔SAS, SATA, SSD硬盘；RAID卡：可配置RAID 0、1、5、6、10、50、60，支持热备盘技术，支持不低于1GB高速缓存；集成双端口Broadcom千兆网卡，带故障切换和负载均衡功能，支持TOE，iSCSI启动；PCIe插槽：2个PCIe 3.0；5 个USB（2个USB 3.0，3个USB 2.0）；1个DVD-RW驱动器\n平台系统：操作系统Linux与web服务nginx\n标准版MySQL数据库，正版中文软件jdk8","群卓","台",1,41000,41000]
[22,"交换机","标准1U机架设备，可堆叠，16个10/100/1000Mbps Mbps端口，包转发：18Mpps，背板带宽：126Gbps，","华为","套",1,1700,1700]
[23,"小计/总价",{"$nulls":5},510900]
["新媒体运营实训教学教室"]
["序号","设备名称","参数","品牌型号","单位","数量","单价","合计金额"]
[1,"86寸智慧黑板","一、硬件基础设计\n1、智能交互黑板为平面结构设计，采用三段式结构方式，整体平面尺寸≥4100mm×1100mm，正面书写区域支持水笔、普通粉笔、无尘粉笔等多种笔书写，手感流畅、摩擦力适度，笔记均匀、线条明显；\n2、V-0级阻燃金属材质外壳，设备机体厚度≤100mm,采用安全防撞及圆角转角设计，支持壁挂式安装和移动支架两种安装方式，为方便调校智慧黑板整体平整性，壁挂安装具有安装校正结构，保障达到佳使用效果；\n3、显示尺寸≥86英寸，采用UHD超高清液晶显示A规屏，屏幕色彩覆盖率≥90% NTSC，屏幕分辨率≥3840×2160，可无损播放4K片源； \n","鸿合：HB-C810A ","套",1,37000,37000]
[2,"教师讲台","多媒体中控讲台桌椅，表面烤漆面板，抗氧化，抗污能力强，坚固耐用，带有实木键盘，加固支撑稳固耐用。\n椅：尺寸43cm*50cm*73cm，高回弹加厚座面舒适耐用，磷化铁艺椅腿稳固支撑。靠背弧度贴合曲线。","定做","套",1,4800,4800]
[3,"运营管理主机","CPU型号i5 12400CPU频率 2.9GHz　内存容量32GB内存类型 DDR4 2933MHz 　1T机械硬盘　固态硬盘容量256GB 无内置光驱入门级独立显卡显存容量4GB 1000Mbps以太网卡 2×USB2.0，2×USB3.0，耳机输出接口，麦克风输入接口 1×VGA，1×HDMI 1×RJ45（网络接口） 1×电源接口，预装操作系统与办公软件　21寸显示器  7.4L机箱 键鼠 x1 鼠标垫 x1 电源线 x1 整机3年","清华同方","台",1,6800,6800]
[4,"学生桌椅","定制钢架结构电脑桌，桌面25mm厚三聚氰胺耐磨耐高温饰面板，面板下配走线槽隐藏走线，钢架卡扣连接，管壁厚度1.0，静电喷塑防锈处理，稳固耐用。规格：不低于600mm*1200mm。采用艺术拼接式布局具体根据学校要求样式定做。配套学生椅","定做","套",40,1200,48000]
[5,"运营实训终端","CPU型号i5 12400CPU频率 2.9GHz　内存容量16GB内存类型 DDR4 2933MHz 　1T机械硬盘　固态硬盘容量256GB 无内置光驱集成显卡　1000Mbps以太网卡 2×USB2.0，2×USB3.0，耳机输出接口，麦克风输入接口 1×VGA，1×HDMI 1×RJ45（网络接口） 1×电源接口， 预装操作系统与办公软件　21寸显示器  7.4L机箱 键鼠 x1 鼠标垫 x1 电源线 x1","清华同方","台",40,5200,208000]
[6,"壁挂音箱"," 系统：2分频        频率响音：45HZ-18KHZ   驱动器:LF:8\"*1;HF:3”*2   输入阻抗：80hm  系统灵敏度：95dB  消耗功率：80W  大声压:121dB","均镁","台",2,1000,2000]
[7,"功放","\"输出功率： 150W/8Ω\n输出功率： 250W/4Ω\n桥接功率： 400W/8Ω                                          \n频率响应:  20Hz-20KHz，±0.5dB\n总谐波失真<0.5%，1KHz，8Ω\n信 噪 比： >105dB","均镁","台",1,2200,2200]
[8,"无线话筒（手持*1、领夹*1）","\"UHF固定频点无线麦克风加强型静噪数码抑制电路，待机状态噪声输出为零。\n完美的工作状态指示及手持麦克风指示（指示灯比较暗时提示需要换电池）。\n实用距离远，理想环境达到150公尺以上。\n多频道设计，可同时使用两支持麦克风而互不干扰。","诺讯","套",1,2400,2400]
[9,"AI智能电源管理","物联网电源管理：支持\n远程电源开关：支持\nUSB接口：支持\n后面板配有后备按钮开关：有\n电压显示：带LED电压显示屏\n单路额定输出电流：13A\n每路开/关动作延时：1.2秒\n输出插座：10只高弹性磷铜万能插座\n工作继电器：10只原装30A高品质继电器\n电源电缆线：6平方全铜加粗加长1.5米，配10A国标落地三扁插头\n内部供电：方型变压器                                                                                                ","亿鑫","台",1,5100,5100]
[10,"电子教室管理软件","1.全面支持Windows系列操作系统，包括Windows 8、Windows 10（32位、64位）操作系统。\n2.屏幕广播：教师直接调用各类多媒体教学资源，同步广播给学生，丰富课堂教学内容。高帧率兼容，支持无延时广播、支持Direct3D、DirectDraw、OpenGL、高清视频、游戏等高帧率的应用程序画面流畅无延时广播。\n3.学生演示：教师随时指定某个学生，将其答题或演示过程同步广播给其他学生，开展示范教学。\n4.随堂小考：不用在黑板书写，老师实时了解所有学生的解答结果，并立即生成统计结果。\n5.答题卡考试：直接调用任何格式的文档、图片作为考试内容，只需简单编辑答题卡即可进行小测验。\n共享白板：教师与全体或指定的学生共同完成一项学习任务，如：解题、绘画等，学生可以手写，也可书面答题后拍照提交。\n6.抢答竞赛：文字、图片、音频、视频等均可作为抢答问题的素材，学生通过点击即可完成举手和抢答过程， 真正调动课堂气氛。\n7.分组教学：教师快速将学生分成若干小组，并针对不同主题推送教学资料，小组成员之间可以通过文字、图片、语音等方式讨论并完成学习任务。\n8.多格式兼容，支持富媒体播放：支持MPEG/VCD/QuickTime/ DVD/AVI /Real / Windows Media等常见的音视频媒体文件，同步播放清晰无损耗。\n9.教师可启动屏幕广播教学,将教师机的屏幕广播给所有学生机,教师所做的每一步操作画面都实时显示到学生机，学生可在电脑上软件进行举手提问，教师机可以在电脑上直接回答问题，教师机可以时实监控显示每一台学生电脑桌面，方便指导教学。","极域50用户","套",1,16000,16000]
[11,"商品图片采集处理实训软件","包括商品拍摄与图片处理实训针对电子商务中网络商品的属性和展示处理开发而成，终提炼出商品图片拍摄、商品图片美化和商品详情页制作三大类核心技能任务，并通过教师、学生、管理员三种角色来构成整个系统的闭环和动态平衡。 \n系统为B/S架构，系统包含管理端、教师端、学生端三部分。支持学生、教师使用不同的身份登录软件，不同的身份具有不同的操作权限。系统后台包含功能，有用户管理、角色管理、试题维护、订制试卷、成绩管理、实训任务管理、学习管理、学生交流管理、个性化配置、个性化信息管理等。\n管理端功能：\n在进入管理端后主页面提示系统使用说明，左侧管理菜单有试题维护，订制试卷，成绩管理，用户信息管理，角色信息管理，任务管理，学生交流，个性化配置，个人信息管理\n教师端功能：\n老师可以在后台对学生完成的实训任务进行打分，评价。老师可对试卷进行管理：可以编辑在线考试试卷，老师可以出题并编辑标准答案与每道题的分值，设置考试时间。角色信息管理、用户信息管理、试卷制定维护、用户试卷管理、试题类别管理、实训任务管理、系统个性化配置\n学生端功能：\n学生端可以进行注册认证，登录后会有年度学习统计，我的学习详情包括学习详细数据统计、课程名称、学习时长（分钟）、类型和积分，学习教学视频，音频，文件。学习视频与音频显示文件名与播放时长，学员学习后会有学习分。学生还可以参加考试，考试完成后会自动打分。学生个人页面显示实训任务，已完成与未完成显示标签，未完成内容不可以看到评分，老师评语，参考答案。学生在个人页面可以看到自己实训完成后的评分，老师评语，参考答案。学生可以看到考试内容和考试分。\n电商美工实训，实训类别包含了服装服饰类、家居百货类、美妆护肤类、数码类、饮食类等具有代表性的商品，要求学生根据商品的不同属性及特点，运用摄影技术、图片美化技能以及图文编排技巧，完成包括商品拍摄、图片处理、商品详情页设计与制作等在内的任务训练。","群卓 V1","套",1,129000,129000]
[12,"新媒体营销实训实战平台","1、系统采用B/S架构，支持新的HTML5标准，兼容火狐、谷歌等主流浏览器。\n2、学生端可以进行注册认证，参加实训实战与考试，教学视频，音频，文件学习查看。\n3、教师端可以查看学生实训结果进行评分与评价，查看学生考试结果。允许多教师同时使用，分班管理。\n4、管理端可对竞赛考试试题进行编辑，考试时间可设置，总分数可设置。实训实战任务进行编辑发布，对教学视频进行编辑。对学生账号，老师账号进行管理。\n5、支持200用户同时并发、一键审阅、用户中途退出成绩评定、前后台自定义、学生PC和手机端都可以参加实训与学习培训。\n6、系统包含管理端、教师端、学生端三部分。支持学生、教师使用不同的身份登录软件，不同的身份具有不同的操作权限。\n7、系统后台包含功能，有用户管理、角色管理、试题管理、订制试卷、成绩管理、任务管理、学习管理、学生交流管理、个性化信息管理等。\n8、用户管理可根据班级对学生进行管理维护，管理学生显示学生列表页面，显示增删查改等功能。\n9、查看实训任务显示实训目标、背景资料、实训要求、实训步骤图文并茂显示任务详情。\n10、系统内置实训评分标准和参考样例，教师在进行实训评分时可以参考样例进行对比分析,对实训结果进行评分和点评指导；\n11、内置资源库模块，资源分为视频资源，音频资源，文件资源。浏览器中直接播放视频，音频。文件以PDF文件直接显示。\n12、后台管理点击视频培训，有实训教学视频，老师可以上传教学视频资源供学生学习。点击音频培训，有实训教学音频，老师可以上传教学音频资源。点击文件培训，有实训教学文件，老师可以上传教学文件资源。\n13、学习视频与音频显示文件名与播放时长，后台可以设置学习分值，学生学习后会有学习分。\n14、学生可上传文件有word,ppt格式，浏览器中以PDF文件直接显示。\n15、试卷管理：可以编辑在线考试试卷，有填空题，判断题，单选题，多选题，问答题，老师可以出题并编辑标准答案与每道题的分值，设置考试时间。学生考试时系统会自动判断学生答题正确或错误并自动打分。\n16、实训任务管理，老师可以自己编辑上传实训任务标题，实训要求，实训步骤图文。学生在前台点击实训任务，可以看到实训标题，实训要求与内容，学生完成实训提交后老师要以点评。\n17、统计，显示学生年度学习分统计，学习内容。\n实战系统功能参数\n1、搜索引擎优化SEO营销模块：通过企业建站让各搜索引擎收录，优化关键词排名进行产品营销，品牌营销等。让学生学习训练SEO技能。提供PC+手机二合一的营销型中文站，支持HTML静态化网页，搜索引擎优化完美适应PC、手机和平板；\n2、智能商机发布模块：智能商机发布模块支持智能识别行业发布，学生可以通过后台设定关键词，系统自动链接搜索引擎搜索库，通过产品曝光，给企业基础站点进行引流。\n①后台通过内容生成，利用优质资源站点以及SEO反向解析目录技术形式，学生通过实训可以帮助企业在百度、搜狗、360等主流搜索引擎获取海量长尾关键词的排名。访客通过落地页的内容点击能直达官网，形成官网引流。\n②依托B2B平台的企业店铺，学生能够快速发布用户产品信息和企业信息。\n3、短视频营销模块：新媒体营销模块是通过不同APP联动，在新媒体平台进行短视频营销。\n①通过绑定短视频APP账号，学生可以一次性将视频发布到多个短视频平台，包括但不限于抖音、快手、西瓜、头条、小红书、百家号、企鹅号等等，视频发布统计流量详情，用于学生数据挖掘，进行消费者行为分析。\n②通过实时监控关键词热搜话题，为智能生成短视频标题提供素材。\n4、软文营销模块：软文营销是通过特定的概念诉求、以摆事实讲道理的方式使消费者走进企业设定的”思维圈“，以强有力的针对性心理攻击迅速实现产品销售的文字模式。\n①通过案例的方式让学生了解什么是软文，学会软文写作的技巧，知道软文营销标题拟定的要点，以及各类型软文的实际应用。通过掌握网络软文的特点，学生能熟练的编辑各种类型的软文文案，再通过不同类型的媒体平台进行软文发布。\n②软文发布：发到软文到搜狐网、新浪号、百度号、腾迅号等网络平台。\n5、直播营销：对比分析抖音、快手、西瓜、小红书、百家号、企鹅号的平台风格和用户特点，熟知各平台的优缺点。根据企业定位、产品特点、目标用户、 预算，选择合适的直播平台。根据要求定位和规划方案，制定内容运营计划。根据内容运营目标和内容主题，策划内容，制定内容排期规划表，进行人员分工和任务分配。能根据行业特点，及时追踪舆情热点或巧用重大节日话题，在时间节点内高效完成事件策划与直播营销过程。\n6、付费推广营销模块：通过付费推广进行营销，包含有搜索引擎付费推广，直播付费推广，商城直通车付费推广，网络固定广告等。\n7、商务数据统计与分析模块：商务数据统计与分析通过数据收集与整理，利用BI可视化工具对业务进行动态分析，形成可视化界面的数据，辅助学生进行商业决策，围绕企业供应链数据智能决策需求，进行采购数据分析、生产数据分析、物流和库存数据分析等。并能基于客户数据进行客户画像、了解用户需求特征和行为组合，挖掘用户价值。","群卓 V1","套",1,198000,198000]
[13,"电子商务数据分析实训软件","具有大数据分析全过程数据处理工具，以及真实企业案例和实训管理、监控、评价教学管理平台。\n1.系统采用B/S架构，有PC端、H5版。\n2.后台用户管理：平台能够方便专业教师实现云端备课，发布教学任务，实时反馈教学知识点掌握情况，实现电子化考评，评价结果数据实时分析。\n3.提供基于淘宝和抖音直播数据平台的数据统计报表。提供商品大数据市场调研文本是根据商品相关数据指标、不同平台直播间实时趋势，采集多个指标数据形成的数据报表，以便于完成电子商务数据分析为电子商务运营提供数据支持。\n4.通过京东快车、星网大数据、淘宝直通车与百度营销观星盘行业流量洞察来进行宣传素材搜集、热点话题捕捉、直播内容规划与定位。\n一、数据采集下载\n1.淘宝直通车账号与密码可进行实训与淘宝直通车关键词分析数据采集下载。\n*2.提供京东商城账号与密码可进行实训，可在京东快车核心拓词搜索下载数据。\n*3.百度营销搜索推广账号与密码进行实训,功能：手机APP端，PC端登录，账户搜索推广，数据显示，可新建计划、新建单元、新建关键词、新建创意等。可在行业流量洞察数据下载。\n*4.360搜索推广账号与密码可进行实训,关键词搜索数据下载。\n*5.星网大数据账号与密码可进行实训,查询任意关键词多1000条长尾词查询。\n6.抖音巨量算数数据查询。\n数据采集与处理：市场规模数据采集与处理方案制，竞争对手商品结构数据采集与处理方案制定，淘宝直通车推广数据采集与处理方案制定，京东快车推广数据采集与处理方案制定，店铺销售数据与运营数据采集与处理方案制定，多平台产品数据采集与处理方案制定（京东，百度，360，淘宝，抖音，拼多多），产品指数数据采集与处理方案制定\n二、数据分析\n1、数据分析管理按照任务分类展现学生任务得分，显示学生得分详情。\n2、教师可对学生进行数据分析评分，评语评价。\n3、查看实训任务显示实训目标、背景资料、实训要求、实训步骤图文并茂显示任务详情。\n4、学生根据设置的实训任务进行实训，实训可上传实训视频，实训图片，实训文字，实训表格等。\n5、实训任务模块支持样例图和视频管理，可上传样例图，可上传样例视频。\n6、后台管理点击视频培训，有实训系统视频资库，有实训教学视频，老师可以上传教学视频资源供学生学习。\n7、具有清晰的任务描述，每一个实训都有明确的实训目标、背景资料、实训要求、实训步骤、实训结果、实训评阅；教师在进行实训评阅时不但可以对实训结果进行评分，还可以对实训结果进行点评指导，给出参考样例进行对比分析；\n8、点击“结果提交”进入实训结果图片、视频、文字上传页面，点击“修改”可对提交的结果进行修改，修改内容包括页面显示上传的图片、视频、文字、文档。\n数据分析：市场数据目标行业发展分析，市场需求分析及预测，竞店数据分析，竞品数据分析，客户分类，描绘客户画像，客户行为分析，推广数据分析，流量结构分析，关键词推广效果分析，活动推广效果分析，内容运营效果分析，交易数据分析，采购数据分析，订单时效分析，仓储数据分析\n提供农产品行业抖音直播数据下载分析\n农产品行业各播主数据　如粉丝数量、月粉丝增量、月作品数、月点赞增量、总作品数、总点赞量。\n农产品行业各种商品数据　如日销量、日销量榜、日浏览量、月抖音销量、直播销量占比\n农产品行业各种品牌数据　如日销量榜、日销量、日销售额、短频数量、关联直播数量\n农产品行业各店铺数据　如推广商品数、日销量、日销售额、短频数量、关联直播数量\n农产品行业指数数据　如商品搜索指数、商品各地区搜索指数、商品各地区不同日期搜索指数、如商品内容关联词指数、如商品搜索关联词指数、相关度排名、相关度涨跌、人群画像。\n查看热词相关的内容消费人群的画像特征。内容消费人群是指对该热点相关内容有观看、互动等行为的用户。TGI指数，是反映目标群体在特定研究范围（如年龄段、性别、兴趣爱好）内的强势或弱势的指数。TGI越大，说明该特征在该垂直领域下越显著。","群卓 V1","套",1,209000,209000]
[14,"新媒体营销实训教学资源","1、系统为B/S架构，支持新的HTML5标准，兼容火狐、谷歌等主流浏览器。\n2、系统包含管理端、教师端、学生端三部分。支持学生、教师使用不同的身份登录软件，不同的身份具有不同的操作权限。\n3、管理端可对学生账号，老师账号进行管理。\n4、教师端可以设置上传学习内容与学习分，对每一个教学资源都可以设置学习时间和学习分。\n5、学生端可以进行注册认证，参加学习教学视频，音频，文件学习查看。\n6、内置资源库模块，教学资源库门类齐全，形式多样包含多媒体视频、音频、动画、教学课件PPT、文档资料等。\n7、学习视频与音频显示文件名与播放时长，后台可以设置学习分值，学生学习后会有学习分。\n8、以学生为中心开发数字资源，注重用户体验。学生也可上传MP4,word,ppt格式文件。\n9、教学资源内容数字化管理，方便资源随时更新上传，编辑，维护。\n10、视频微课72个：授课式微课程，讲解课程中的知识难点、技能难点，时间 5-10 分钟。图像清晰稳定、构图合理、声音清楚，能较全面真实反映教学情境，能充分展示教师良好教学风貌。视频片头应显示制作单位，其中30套微课视频是在本项目学校进行现场制作，主要教学视频环节为当地特色内容。展现形式：MPEG4或MP4；\n11、教学课件PPT 72套：课件采用 PPT 模式编写，同一课程风格保持一致。课件模版朴素、大方，颜色适宜，便于长时间观看。其中50套教学课件PPT为学校专用定制课件，在软件交付时需厂家在学校安排人员根据老师教学要求进行教学课件的编写。\n新媒体运营教学资源内容","群卓 V1.0","套",1,129000,129000]
[15,"机柜","22U专用服务器机柜；采用优质冷扎钢板制作，整体框架结构设计；机柜深度1000 mm，立柱厚度不低于2.0 mm，其余部分钢板厚度不低于1.2 mm；静载500KG以上。","爽欣","台",1,3000,3000]
[16,"资源管理系统平台","平台硬件：为8核心  2.1GHZ处理器，500W电源以上 内存：2*32G以上 系统硬盘为2块SSD 256G盘，存储硬盘2*8TB，SATA扩展性：不少于4块 3.5英寸热插拔SAS, SATA, SSD硬盘；RAID卡：可配置RAID 0、1、5、6、10、50、60，支持热备盘技术，支持不低于4GB高速缓存；集成双端口Broadcom千兆网卡，带故障切换和负载均衡功能，支持TOE，iSCSI启动；PCIe插槽：2个PCIe 3.0；5 个USB（2个USB 3.0，3个USB 2.0）；1个DVD-RW驱动器\n平台系统：正版中文操作系统与WEB服务apache\n平台软件：tomcat8+eclispe（idea） spring+spring mvc+jsp+jstl+jdbc\n标准版MySQL数据库，正版中文软件jdk8","群卓","台",1,42500,42500]
[17,"实训教学管理主机","处理器：8核心  2.1GHZ处理器+单电及以上 内存：32GB以上 硬盘： 2*1TB  7. 2K  RPM  SATA扩展性：不少于4块 3.5英寸热插拔SAS, SATA, SSD硬盘；RAID卡：可配置RAID 0、1、5、6、10、50、60，支持热备盘技术，支持不低于1GB高速缓存；集成双端口Broadcom千兆网卡，带故障切换和负载均衡功能，支持TOE，iSCSI启动；PCIe插槽：2个PCIe 3.0；5 个USB（2个USB 3.0，3个USB 2.0）；1个DVD-RW驱动器\n平台系统：正版中文操作系统与WEB服务apache\n标准版MySQL数据库，正版中文软件jdk8","群卓","台",3,41000,123000]
[18,"交换机","标准1U机架设备，可堆叠，48个10/100/1000Mbps Mbps端口，包转发：42Mpps，背板带宽：336Gbps，交换方式：存储-转发，支持VLAN、QOS、组播管理、网络管理及安全管理。","华为","套",1,6000,6000]
[19,"综合布线系统","电路+网络布线所需的电线、网线、水晶头、开关、插排等硬件（含人工安装）\n布线规范：符合《中华人民共和国国家标准-综合布线系统工程设计规范》，布设线槽须强弱电分离，走线合理互不交叉；\n线材及配件：室内非屏蔽超六类（CAT6）双绞线，裸铜线径0.57mm绝缘线径1.02mmSTP电缆直径6.53mm传输速率1000Mbps，符合UL防火等级认证，符合CAT6标准；同品牌非屏蔽超六类（CAT6）水晶头；电源插排防雷电，符合国标；\n交换机级联、交换机连接至服务器都采用成品千兆跳线。","华为","套",1,30600,30600]
[20,"教室形象墙","1.实训室文化元素设计；2.实训室文化内容建设；3.根据学校实际情况进行效果图设计；4.根据场地实际情况进行改造施工；5.墙饰布置生动形象、富有美感：6.墙饰布置体现教育价值，具有审美价值；7.设计后效果更加真实，寓教于墙饰之中，让墙饰产生潜移默化的教育和熏陶作用，充分表现不同功能空间和使用对象的精神内涵，每一个细节有独特的设计理念，满足实训室实训情境，门、窗、地、顶、面环境需求，能够打造出一个富有个性而且优美及科技感的实训室,实训室挂图，门牌设计及实施，亚克力字、装饰挂画。","定做","套",1,25000,25000]
[21,"防静电地板","1、无边全钢抗静电地板，规格600mm×600mm×35mm；集中负载≥33KG，均衡负载≥12500（N/M2），防火性能要求达到国家A级。\n2、上下钢板冲压、点焊成型，四边采用先进的焊接补强结构，地板边角部分要求有共60个焊点，地板基体表面经磷化后进行静电喷涂处理，喷涂层材料为热固性环氧塑料粉末，表面达到柔光、防腐、耐磨效果，内腔内填充发泡水泥。3、全钢组成，机械强度高、承载能力强、耐冲击性能好。\n3、尺寸精度高、互换性好、组装灵活、维修方便、使用寿命长；地板科任意切割，安装附件方便；四边固定，安装方便。\n4、下部空间可作为空调通风用，也可配合通风板调节地产通风量。","未来星","平方",100,480,48000]
[22,"装修","实训室场地改造升级：根据学校场地实际情况进行功能区设计包含需要达到教学使用效果。\n1、根据学校实际情况进行效果图设计；\n2、铝格栅吊顶：哑光黑色金属栅格，间距规格≤150×150mm；\n3、墙面处理：吊打，墙面白乳胶漆处理，简约大方，所用材料环保；。\n4、静电地胶：自流平找平，铺设地胶，所选产品环保无刺激；\n5、不锈钢踢脚线：成品；","定做","套",1,93000,93000]
[23,"空调","3匹柜机，能效等级一级及以上，变频，制冷量≥7210W，制热量≥9500W，制冷额定功率≤2090W，制热额定功率≤3120W，能效比（GB（略））≥4.3，室内噪音dB(A)高挡：≤43，室外噪音dB(A)高挡：≤56，电辅助加热≥1800W，循环风量≥1210m³/h，遥控式，每台标配铜管4米及以上（以实地情况为准）；包含电路及所需耗材。加长铜管","海尔","台",1,7900,7900]
[24,"小计",{"$nulls":5},1376300]
["商品与短视频拍摄实训室"]
["序号","设备名称","参数","品牌","单位","数量","单价","总价"]
[1,"产品展示柜与商品","根据房间定做产品展示柜，展示柜的风格与颜色需要与装修，文化墙相匹配。实训任务配套的商品20件，短视频拍摄商品20件。","群卓","套",5,6800,34000]
[2,"相机套装","2400万有效像素 双核CMOS 双核CMOS 45点十字对焦 WIFI，ISO感光度\n静止图像拍摄：自动ISO（在ISO 100～25600之间自动设置）\n具备白平衡校正和白平衡包围曝光功能\n自拍；延时拍摄；遥控拍摄\n高速连拍：使用取景器拍摄时高约10张/秒。\n单反镜头18-135mm f/3.5-5.6\n包，三角架","佳能EOS 90D","套",5,18000,90000]
[3,"镜头","单反镜头 85mm","佳能","套",5,4500,22500]
[4,"内存SD卡","128G 单反相机内存SD卡 4K高速存储 SDXC UHS-II 300M/s   读280M/秒 写180M/秒 UHS-II 支持4K超高清","闪迪","张",5,1800,9000]
[5,"微单稳定器","三轴云台 大负重4千克\n云台重量：895克；快装板重量：120克；电池重量：95克；三脚架重量：180克\n电源输出电压(Micro USB接口)：5V\n电源输出电流(Micro USB接口)：1000mA\n俯仰轴机械动作范围：-132°-182°\n横滚轴机械动作范围：-67°-247°\n航向轴机械动作范围：360°\n电池容量：单节2600mAh\n工作时间：12-14h\n充电时间：2.5h\n蓝牙：Bluetooth 5.0","智云WBS","套",5,1800,9000]
[6,"三脚架","产品参数\n承重范围 1-5KG 1-5KG \n水平档位 固定 固定 \n俯仰档位 固定 固定 \n动态平衡档位 固定 固定 \n工作温度 -40℃~+60°℃ -40℃~+60℃ \n俯仰角度 +87°/-66° +87°/-66° \n水平仪 玻璃 玻璃 \n大高度 1680mm 1680mm \n小高度 630mm 630mm \n云台重量 1.5KG 1.5KG \n套装重量 4.5KG 4KG \n碗口直径 70mm 70mm \n管径 16mm 16mm \n脚架级数 双极三节 双极三节 \n脚架材质 铝合金1670L 碳纤维1670T","杰锐R1204+G10KX","套",5,1500,7500]
[7,"UV镜","卡色大师金边","Kase","套",5,980,4900]
[8,"静物拍摄影台","1x2m大静物台","锐鹰ST-1020T","套",5,980,4900]
[9,"柔光灯箱套装","1、灯光功率:≥200W；\n2、寿命:≥5万小时；\n3、显色指数(Ra):≥95；\n4、色温:5600K；\n5、光通量:≥5400LM；\n6、调光范围:0%-100%；\n7、配套2.8米伸缩支架，八角柔光灯箱。","杰锐","台",10,3300,33000]
[10,"便携背景布","1、地拉式背景布：≥200cm*200cm；\n2、免安装打孔，高度可调节，提拉即可使用；\n双气压助力杆，高度随意调节；\n3、一体式铝合金外壳。","银资付2*6","套",5,960,4800]
[11,"影视环形灯","1、≥19寸环形灯；\n2、蓝牙遥控器；\n3、三色可调；\n4、带手机支架；\n5、功率：≥15W；\n6、配套落地支架。","杰锐19寸","台",2,1600,3200]
[12,"桌面影视灯光","1、大功耗:≥28W；\n2、亮度调节:0~100%无级调光；\n3、显指(Ra):≥95；\n4、TLCI(Qa):≥93；\n5、色温:≥5600K；\n6、控制方式:手动亮度调节；\n7、带桌面支架。","杰锐T176","套",2,1400,2800]
[13,"商品拍摄教学桌椅","1、板材：采用E1级环保纤维板≥16mm；\n2、脚架：钢架；\n3、尺寸：≥1600mm*800mm*740mm。\n1、椅板：采用≥1.5mm夹板，≥9层垫压成型，成型板材≥12mm，板材承受力≥300kg，经防腐防虫化学处理；\n2、椅背和扶手：采用PP工程塑料一次性成型；\n3、海绵：内为PU成型发泡棉；\n4、饰面：阻燃网布饰面；\n5、椅脚：采用尼龙五星脚，配活动万向轮，结构牢固，气压升降机关，升降无噪声；\n6.尺寸：≥560*500*(940-1030)mm(允许有±10mm偏差)。 \n配４把椅子","定做","套",1,2000,2000]
[14,"智能商品摄影棚","120cm大型组装摄影棚8灯加亮版","杰锐","套",1,2100,2100]
[15,"拍摄间装修与布线","1、轻钢龙骨隔墙：工艺：先做空腔，固定龙骨，填充50mm的隔音棉，然后固定石膏板；材料：轻钢龙骨采用表面热镀锌的优质冷轧钢制作； A级不燃材料，环保健康，无毒无害。\n2、工艺：固定吸音板支架（可采用木龙架或轻钢龙骨）；支架内填充玻璃纤维吸音棉；依据墙面造型，依次安装木质吸音板。吸音棉，采用玻璃纤维材质；\n3、铝格栅吊顶：哑光黑色金属栅格，间距规格≤150×150mm；\n4、墙面处理：吊打，墙面白乳胶漆处理，简约大方，所用材料环保；。\n5、静电地胶：自流平找平，铺设地胶，所选产品环保无刺激；\n6、窗户平开隔音板：吸音板制作门扇；门扇内填充玻璃纤维吸音棉；依据墙面造型，依次安装木质吸音板。优质孔木吸音板，具有木质高的防火等级B1；吸音棉，采用玻璃纤维材质；\n7、背景墙孔型吸音板：固定吸音板支架（可采用木龙架或轻钢龙骨）；支架内填充玻璃纤维吸音棉；依据墙面造型，依次安装木质吸音板。\n8、不锈钢踢脚线：成品；\n9、隔音门：规格1000mm×2100mm；门框采用进口或国产优质冷轧钢板，电镀锌钢或不锈钢制造；门扇填充采用硅酸铝纤维棉。\n10、隔音板装饰：固定吸音板支架（可采用木龙架或轻钢龙骨）；支架内填充玻璃纤维吸音棉；依据墙面造型，依次安装木质吸音板。\n11、文化墙：亚克力LOGO牌\"1、材质：亚克力；2、尺寸≥65*90cm\"，实训室文化墙尺寸：≥200*300cm，厚度5cm *2套\n12、综合布线：射灯\"1、定制：15cm*15cm(按实际情况定制)2、功率：12W；\"LED平板灯 定制尺寸：800mm*90mm按实际情况定制，公共区域电路改造工程+网络布线所需的电线、网线、水晶头、开关、插排等硬件（含人工安装），软灯条 \"1、直径：10mm---16mm；2、长度：25m；\"","群卓","套",1,86000,86000]
[16,"空调","3匹柜机，能效等级一级及以上，变频，制冷量≥7210W，制热量≥9500W，制冷额定功率≤2090W，制热额定功率≤3120W，能效比（GB（略））≥4.3，室内噪音dB(A)高挡：≤43，室外噪音dB(A)高挡：≤56，电辅助加热≥1800W，循环风量≥1210m³/h，遥控式，每台标配铜管4米及以上（以实地情况为准）；包含电路及所需耗材。加长铜管","海尔","台",1,7900,7900]
[17,"小计/总价",{"$nulls":5},323600]
["新媒体运营发布"]
["序号","设备名称","参数","品牌型号","单位","数量","单价","总价"]
[1,"学生桌椅","定制钢架结构电脑桌，桌面25mm厚三聚氰胺耐磨耐高温饰面板，面板下配走线槽隐藏走线，钢架卡扣连接，管壁厚度1.0，静电喷塑防锈处理，稳固耐用。规格：不低于600mm*1000mm。采用艺术拼接式布局具体根据学校要求样式定做。","定做","套",4,1200,4800]
[2,"新媒体运营终端","CPU型号i5 12400CPU频率 2.9GHz　内存容量16GB内存类型 DDR4 2933MHz 　1T机械硬盘　固态硬盘容量128GB 无内置光驱集成显卡　1000Mbps以太网卡 2×USB2.0，2×USB3.0，耳机输出接口，麦克风输入接口 1×VGA，1×HDMI 1×RJ45（网络接口） 1×电源接口， 预装操作系统与办公软件　21寸显示器  键鼠 x1 鼠标垫 x1 电源线 x1","清华同方","台",4,5200,20800]
[3,"新媒体运营发布软件","本软件包含2个模块：短视频创作剪辑与发布，直播运营。\n1.短视频创作应用实训，运用组合编辑的方式把指定镜头剪辑到成品带上、运用插入编辑模式替换成品带上指定部分的视频或音频、制作电子相册、制作旅游宣传片、制作“栏目剧片段”、制作娱乐短视频等。短视频营销是内容营销的一种，短视频营销主要借助短视频，通过选择目标受众人群，并向他们传播有价值的内容，这样吸引用户了解企业品牌产品和服务，形成交易。做短视频营销，重要的就是找到目标受众人群和创造有价值的内容。通过短视频展现到客户眼前。\n2.直播运营：直播产品品类规划,直播产品选品工作,直播活动方案策划与产品宣传方案策划,直播话术脚本撰写、商品脚本撰写,直播数据分析,直播流量渠道运营,直播项目复盘,建立合适的营销推广体系,执行/收集/监测/分析及制定改善营销推广体系。\n一.短视频创作剪辑\n实训内容有视频剪辑基本操作技巧的训练：素材收集与导入、 剪辑软件的基本操作、视频编辑、制作字幕、应用转场、添加特技效果、视频抠像特技效果应用、音频编辑与特技效果、外挂滤镜特技效果应用、字幕的创建、为字幕添加艺术效果、运用视频过渡、视频过渡特技效果插件、关键帧制作特技效果的应用、制作模型效果、制作眼中的画面、制作多重分身效果、制作画面过渡、加入背景音乐、制作节奏音乐、导出成品短片。视频剪辑类实训任务提供具体的实训要求和剪辑要点，视频制作中给出具体的制作内容和制作方法。本软件可以实训智能云剪辑、视频去水印。\n二.短视频平台运营维护\n1 短视频平台选择：对比分析抖音、快手、西瓜、小红书、百家号、企鹅号的平台风格和用户特点，熟知各平台的优缺点。根据企业定位、产品特点、目标用户、 预算，选择合适的平台。\n2 日常内容审核：能根据政策规定、行业规则、市场规范等，建立敏感词库，并持续更新，识别内容中的敏感词或违规内容，保证内容的合规性和可靠性。检查用户留言、评价等，处理负面信息。\n3信息采集管理：淘宝直通车推广数据采集，百度营销搜索推广数据采集，京东快车推广数据采集，抖音巨量算数综合信息采集、分析用户数据，提炼用户标签，绘制用户画像。提供短视频创作关键词信息，制定用户运营策略，促进用户活跃、留存和转化。\n三.短视频内容运营\n1 内容策划：根据要求定位和规划方案，制定内容运营计划。根据内容运营目标和内容主题，策划内容，制定内容排期规划表，通过视频排名报表能根据行业特点，及时追踪舆情热点或巧用重大节日话题，在时间节点内高效完成事件策划。文案策划。 \n2 内容生产：根据平台的内容特点和形式，确定内容生产规范，制定内容生产流程。分析、归类和总结历史事件，持续积累素材，完善内容素材库。根据内容运营目标和平台特点，整合资源，视频评论智能回复输出文字、图片、短视频等内容。\n3 内容分发：根据内容运营目标、内容主题和形式、平台定位和分发机制，选择合适的分发平台，将内容一键分发到多个平台，将视频发布到多个短视频平台，包括但不限于抖音、快手、西瓜、头条、小红书、百家号、企鹅号等等。\n四.文案编写内容运营： \n1 内容运营：根据内容运营目标和评估体系，提取关键指标数据发布容。对内容运营结果与预期目标之间的偏差，分析原因，总结经验和不足，提出内容优化建议。 \n2 用户运营复盘：根据用户运营目标和评估体系，基于用户的属性和行为，提取关键指标数据。对用户数据分析，挖掘用户需求，提炼用户管理的优化建议。\n关键词排名优化\n","群卓 V1.0","套",4,50000,200000]
[4,"交换机","标准1U机架设备，可堆叠，8个10/100/1000Mbps Mbps端口，包转发：18Mpps，背板带宽：96Gbps，交换方式：存储-转发，支持VLAN、QOS、组播管理、网络管理及安全管理。","华为","套",1,1000,1000]
[5,"装修与布线","实训室场地改造升级：根据学校场地实际情况进行功能区设计包含需要达到教学使用效果。\n1、根据学校实际情况进行效果图设计；\n2、工艺：固定吸音板支架（可采用木龙架或轻钢龙骨）；支架内填充玻璃纤维吸音棉；依据墙面造型，依次安装木质吸音板。吸音棉，采用玻璃纤维材质；\n3、铝格栅吊顶：哑光黑色金属栅格，间距规格≤150×150mm；\n4、墙面处理：吊打，墙面白乳胶漆处理，简约大方，所用材料环保；。\n5、静电地胶：自流平找平，铺设地胶，所选产品环保无刺激；\n6、窗户平开隔音板：吸音板制作门扇；门扇内填充玻璃纤维吸音棉；依据墙面造型，依次安装木质吸音板。优质孔木吸音板，具有木质高的防火等级B1；吸音棉，采用玻璃纤维材质；\n7、隔音板装饰：固定吸音板支架（可采用木龙架或轻钢龙骨）；支架内填充玻璃纤维吸音棉；依据墙面造型，依次安装木质吸音板。\n8、不锈钢踢脚线：成品；\n9、隔音门：规格1000mm×2100mm；门框采用进口或国产优质冷轧钢板，电镀锌钢或不锈钢制造；门扇填充采用硅酸铝纤维棉。","定做","套",1,76000,76000]
[6,"空调","大1匹窗机 变频省电冷暖","海尔","台",1,2600,2600]
[7,"小计",{"$nulls":5},305200]
[8,"合计",{"$nulls":5},2516000]
["含安装调试，含培训，质保1年，价格含13%税\n\n西安杰越/群卓电子科技有限公司\n陈勇   15829461683"]

{"sheet":"Sheet2","index":1,"n_rows":0,"n_cols":0,"rows_kept":0,"flags":["formulas_cached_only"]}

{"sheet":"Sheet3","index":2,"n_rows":0,"n_cols":0,"rows_kept":0,"flags":["formulas_cached_only"]}